Romantický klavír Jiřího Maláska 1973-1983

Bibliographic Details
Other Authors: Malásek, Jiří, 1927-1983 (Performer)
Format: Audio
Language:Czech
PhysicalDescription:1 CD, (58:25) Digital audio 12 cm
Published: ČSSR Panton 1989
Subjects:

MARC

LEADER 00000cjm a2200000 a 4500
001 vtls009583898
003 SK-MaSNL
005 20260331204837.0
008 240314e1989 xr g 000 0 cze
040 |a SNK  |b slo  |c SNK  |e AACR2 
041 0 |a cze 
044 |a xr  |c CZ 
100 1 |a Malásek, Jiří,  |d 1927-1983  |4 prf  |9 123553 
245 1 0 |a Romantický klavír Jiřího Maláska 1973-1983 
260 |a ČSSR  |b Panton  |c 1989 
300 |a 1 CD, (58:25)  |b Digital audio  |c 12 cm 
500 |a 1. Spoutej mě / Ondráček, Bohuslav, 2. Měsíční řeka / Mancini, Henri, 3. Lásko / Wykrent, Jaroslav, 4. Balada pro Adélku / Senneville,P. de, Toussaint, Olivier, 5. Oh, baby, baby / Ondráček, B., 6. Stín tvého úsměvu / Mandel, Johny, 7. Právě jsme začali / Williams, Paul, Nichols, Roger, 8. Kdyby sis oči vyplakala / Malásek, J., Bažant, Jiří, Hála, Vlastimil, 9. Hrací skřínka / Mills, Frank, 10. To se nikdo nedoví / Marat, Zdeněk, 11. Krásné proměny / Bažant, J., 12. Exodus / Gold, Ernst, 13. Pojď se mnou, lásko má /Ondráček, B., 14. Ešče se já podívám, 15. Pan Tau / Malásek, J., Bažant,J., Hála, V., 16. Jak je krásná / Wonder, Stevie, 17. Valčík na rozloučenou 
650 0 7 |a koncerty (klavír)  |2 SNKPH  |9 68349 
958 |a OND 
999 |c 830698  |d 832628 
952 |a SNK  |b SNK  |y PREZ  |7 0  |p 17A1067671  |o snkICD 146  |i snkJK 129/90  |0 0  |1 0  |4 0  |d 2013-04-16  |l 0  |r 2026-02-24 03:36:46  |w 2026-02-24